How to read journal articles in the social sciences: a very practical guide for students (Record no. 76195)

MARC details
000 -LEADER
fixed length control field 00894nam a2200193 a 4500
008 - FIXED-LENGTH DATA ELEMENTS--GENERAL INFORMATION
fixed length control field 130911s2012 ||||||||||||||||| || u
020 ## - INTERNATIONAL STANDARD BOOK NUMBER
International Standard Book Number 9781446209325
050 ## - LIBRARY OF CONGRESS CALL NUMBER
Classification number H 62 Sho
100 ## - MAIN ENTRY--PERSONAL NAME
Personal name Shon, Phillip Chong Ho
245 10 - TITLE STATEMENT
Title How to read journal articles in the social sciences: a very practical guide for students
Statement of responsibility, etc. by Phillip Chong Ho Shon
260 ## - PUBLICATION, DISTRIBUTION, ETC.
Place of publication, distribution, etc. Los Angeles:
Name of publisher, distributor, etc. SAGE Publications
Date of publication, distribution, etc. 2012
300 ## - PHYSICAL DESCRIPTION
Extent x,110 pages : illustrations
490 ## -
-- SAGE Study Skills
500 ## - GENERAL NOTE
General note REFERENCES
650 #0 - SUBJECT ADDED ENTRY--TOPICAL TERM
Topical term or geographic name entry element SOCIAL SCIENCES--RESEARCH
650 #0 - SUBJECT ADDED ENTRY--TOPICAL TERM
Topical term or geographic name entry element READER-RESPONSE CRITICISM
995 ## -
-- MAIN LIBRARY OPEN ACCESS
-- 744487
-- CBU-MAIN LIBRARY (Kitwe)
-- H 62 Sho
-- 1
-- AVAILABLE
-- Sep 17, 2013
-- 744487
-- Main Library Open Access Collection
995 ## -
-- MAIN LIBRARY OPEN ACCESS
-- 744488
-- CBU-MAIN LIBRARY (Kitwe)
-- H 62 Sho
-- 2
-- AVAILABLE
-- Sep 17, 2013
-- 744488
-- Main Library Open Access Collection
999 ## -
-- 76195
-- 76195
Holdings
Withdrawn status Lost status Source of classification or shelving scheme Damaged status Not for loan Permanent Location Current Location Shelving location Date acquired Total Checkouts Full call number Barcode Date last seen Copy number Price effective from Koha item type
          CBU-MAIN LIBRARY, KITWE. CBU-MAIN LIBRARY, KITWE.   04/25/2023   H 62 Sho 744487 04/25/2023 1 04/25/2023 MONOGRAPH
          CBU-MAIN LIBRARY, KITWE. CBU-MAIN LIBRARY, KITWE.   04/25/2023   H 62 Sho 744488 04/25/2023 2 04/25/2023 MONOGRAPH